00982nam a2200241Ia 4500003000900000008004100009020001800050040001600068080002200084111009100106245027000197260006100467300001700528490003400545650001300579650001700592650001000609650001300619650001900632700002500651700002400676710004000700IN-BaIIA211028s9999 xx 000 0 eng d a1-58381-102-8 cIIA Library a082.2:52bASP-262 aAnnual meeting of the Astronomical Society of the Pacificn113thcUSAd2001 July 15-18 4aThe high energy universe at sharp focus-chandra sciencebproceedings of a meeting in conjunction with the 113th annual meeting of the ASP held in Minnesota, USA, 15-18 Jul 2001cedited by E. M. Schlegel and S. D. Vrtilek  aSan FranciscobAstronomical Society of the Pacificc2002 axviii, 423p. aASP conference series; v. 262 aGalaxies aSolar system aStars aUniverse aX-ray binaries aSchlegel, E. M., ed. aVrtilek, S. D., ed. aAstronomical Society of the Pacific